00605nam a22001937a 450000500170000001000150001702000260003203500140005803700090007208200110008110000290009224500880012125000060020926000510021527000810026630000200034794200250036799900190039220250324112207.0 aENG-144128 a9789391032654c595.00 aEN-127660 bDBAD a95421 a Bharadwaj Gazal 979837 aThe Making of Modern India ;cGazal Bharadwaj bAmidst the making of Modern World / a1 aGurugrambOak Bridge Publishing Pvt.Ltd.c2022 aM35,1st Floor ,Old DLF,bHaryana k91 1244305970e122001mwww.oakbridge.in  a440pc24 cm(pb) 2ddccENh954mBHAe1 c210438d210438